[Event "OP-2011-0-01376"]
[Site "LSS email"]
[Date "2011.01.18"]
[Round "?"]
[White "Makarov, Mijail"]
[Black "Hilton, Stephen H"]
[Result "0-1"]
[WhiteElo "800"]
[BlackElo "937"]
[PlyCount "30"]
[EventDate "2011.01.14"]
[EventType "tourn (corr)"]
[EventRounds "4"]
[EventCountry "GER"]
[SourceTitle "Corr 2015"]
[Source "ChessBase"]
[SourceDate "2015.07.17"]
[SourceVersion "1"]
[SourceVersionDate "2015.07.17"]
[SourceQuality "1"]

1. d4 Nf6 2. Bg5 c5 3. Bxf6 gxf6 4. dxc5 Qa5+ 5. Nc3 Qxc5 6. Nf3 Nc6 7. e3 d6 8. Na4 Qa5+ 9. Nc3 Bg4 10. Be2 Bg7 11. 0-0 0-0-0 12. Nd5 e6 13. Ne7+ Nxe7 14. h3 Bh5 15. Nd4 Bxe2 0-1

[Event "OP-2011-0-01376"]
[Site "LSS email"]
[Date "2011.01.17"]
[Round "?"]
[White "Makarov, Mijail"]
[Black "Hammerschmidt, Volker"]
[Result "0-1"]
[WhiteElo "800"]
[BlackElo "1370"]
[PlyCount "44"]
[EventDate "2011.01.14"]
[EventType "tourn (corr)"]
[EventRounds "4"]
[EventCountry "GER"]
[SourceTitle "Telechess CBM 145"]
[Source "Chessbase"]
[SourceDate "2011.11.11"]
[SourceVersion "1"]
[SourceVersionDate "2011.11.11"]
[SourceQuality "1"]

1. e4 e5 2. Nf3 Nf6 3. Nc3 Nc6 4. Bc4 Nxe4 5. Bxf7+ Kxf7 6. Nxe4 d5 7. Neg5+ Kg8 8. d3 h6 9. Nh3 g5 10. g4 Bxg4 11. Nhxg5 hxg5 12. Bxg5 Bxf3 13. Qxf3 Qxg5 14. Qxd5+ Kg7 15. Qd7+ Be7 16. Qxc7 Nd4 17. Kf1 Rhf8 18. Rg1 Rxf2+ 19. Kxf2 Rf8+ 20. Ke1 Qxg1+ 21. Kd2 Qxh2+ 22. Ke3 Qf4# 0-1

[Event "OP-2011-0-01376"]
[Site "LSS email"]
[Date "2011.01.17"]
[Round "?"]
[White "Richter, Klaus"]
[Black "Makarov, Mijail"]
[Result "1-0"]
[WhiteElo "1516"]
[BlackElo "800"]
[PlyCount "39"]
[EventDate "2011.01.14"]
[EventType "tourn (corr)"]
[EventRounds "4"]
[EventCountry "GER"]
[SourceTitle "Telechess CBM 145"]
[Source "Chessbase"]
[SourceDate "2011.11.11"]
[SourceVersion "1"]
[SourceVersionDate "2011.11.11"]
[SourceQuality "1"]

1. d4 d5 2. e4 e5 3. Nd2 Nf6 4. dxe5 Nxe4 5. Nxe4 dxe4 6. Qxd8+ Kxd8 7. Bf4 Bb4+ 8. c3 Bc5 9. Rd1+ Bd7 10. Bc4 Nc6 11. b4 Bxf2+ 12. Kxf2 f6 13. e6 Ne5 14. Bxe5 fxe5 15. Rxd7+ Ke8 16. Rxc7 Rf8+ 17. Ke3 Kd8 18. Rxb7 Kc8 19. Ba6 Rb8 20. Rf7+ 1-0

[Event "OP-2011-0-01376"]
[Site "LSS email"]
[Date "2011.01.17"]
[Round "?"]
[White "Tutov, Nikolay"]
[Black "Makarov, Mijail"]
[Result "1-0"]
[WhiteElo "1007"]
[BlackElo "800"]
[PlyCount "51"]
[EventDate "2011.01.14"]
[EventType "tourn (corr)"]
[EventRounds "4"]
[EventCountry "GER"]
[SourceTitle "Telechess CBM 145"]
[Source "Chessbase"]
[SourceDate "2011.11.11"]
[SourceVersion "1"]
[SourceVersionDate "2011.11.11"]
[SourceQuality "1"]

1. d4 d5 2. Nf3 e6 3. e3 Nf6 4. c4 Bb4+ 5. Nbd2 Ne4 6. a3 Bxd2+ 7. Nxd2 Nxd2 8. Bxd2 dxc4 9. Bxc4 0-0 10. 0-0 Nc6 11. Qc2 Qf6 12. Bc3 Bd7 13. d5 exd5 14. Bxf6 gxf6 15. Bxd5 Rae8 16. Be4 b6 17. Bxc6 Bxc6 18. Qxc6 Re7 19. Qxf6 Rd7 20. Rad1 Rfd8 21. Qxd8+ Kg7 22. Qxd7 a5 23. Rd4 c5 24. Rf4 b5 25. Qxf7+ Kh8 26. Qf8# 1-0